[Event "CRO-ch U13"]
[Site "Trogir"]
[Date "2023.06.24"]
[Round "6"]
[White "Culo, Emanuel"]
[Black "Zufika Mardjetko, Gaspar"]
[Result "0-1"]
[WhiteElo "1045"]
[BlackElo "1540"]
[PlyCount "126"]
[EventDate "2023.06.21"]
[EventType "swiss"]
[EventRounds "9"]
[EventCountry "CRO"]
[SourceTitle "EXT 2024"]
[Source "ChessBase"]
[SourceDate "2023.10.10"]
[SourceVersion "1"]
[SourceVersionDate "2023.10.10"]
[SourceQuality "1"]

1. d4 d5 2. Bf4 Nf6 3. e3 Bf5 4. c4 e6 5. Nf3 Bd6 6. Bg3 0-0 7. Qb3 b6 8. Nc3 c6 9. Be2 Re8 10. 0-0 Bxg3 11. hxg3 Nbd7 12. Rfe1 e5 13. dxe5 Nxe5 14. Nxe5 Rxe5 15. cxd5 cxd5 16. Rad1 Be6 17. Qc2 Rc8 18. Ba6 Rb8 19. e4 Qc7 20. exd5 Nxd5 21. Rxe5 Qxe5 22. Nxd5 Bxd5 23. b3 g6 24. Bc4 Rc8 25. Rxd5 Qxd5 26. Bxd5 Rxc2 27. a3 b5 28. a4 bxa4 29. bxa4 Rc5 30. Bb3 a6 31. Kf1 Kf8 32. Ke2 Ke7 33. Kd2 f6 34. Bg8 h6 35. Bb3 Rf5 36. Ke2 Re5+ 37. Kd3 Kd6 38. Kd4 Re2 39. Bc4 Rxf2 40. Bxa6 Rxg2 41. Bb5 Rxg3 42. a5 Rg5 43. Kc4 Rc5+ 44. Kb4 Rc7 45. a6 Ra7 46. Ka5 Kc7 47. Bd3 g5 48. Be4 h5 49. Bf3 g4 50. Bg2 h4 51. Kb5 f5 52. Ka5 f4 53. Kb5 f3 54. Bh1 f2 55. Bg2 h3 56. Bf1 h2 57. Bg2 h1Q 58. Bxh1 f1Q+ 59. Kc5 Qxh1 60. Kb5 Qc6+ 61. Ka5 Rxa6+ 62. Kb4 Rb6+ 63. Ka5 Qa8# 0-1